[Event "Montigny le Bretonneux Noel op 04th"]
[Site "Montigny le Bretonneux"]
[Date "2001.12.28"]
[Round "3.1"]
[White "Aurel, Luc"]
[Black "Voirin, Xavier"]
[Result "1/2-1/2"]
[WhiteElo "2199"]
[BlackElo "1829"]
[PlyCount "37"]
[EventDate "2001.12.26"]
[EventType "swiss"]
[EventRounds "7"]
[EventCountry "FRA"]
[SourceTitle "EXT 2003"]
[Source "ChessBase"]
[SourceDate "2002.11.25"]
[SourceVersion "1"]
[SourceVersionDate "2002.11.25"]
[SourceQuality "1"]

1. e4 c5 2. d3 Nc6 3. g3 g6 4. Bg2 Bg7 5. Nh3 e6 6. f4 Nge7 7. 0-0 0-0 8. Nd2 Rb8 9. Nf3 d6 10. Nh4 f5 11. c3 b5 12. exf5 exf5 13. a3 d5 14. Nf2 d4 15. cxd4 Nxd4 16. Nf3 Bb7 17. Nxd4 Bxd4 18. Bxb7 Rxb7 19. Qf3 1/2-1/2

[Event "Montigny le Bretonneux Noel op 04th"]
[Site "Montigny le Bretonneux"]
[Date "2001.12.27"]
[Round "2.10"]
[White "Voirin, Xavier"]
[Black "Lescale, Romain"]
[Result "1-0"]
[WhiteElo "1820"]
[BlackElo "1070"]
[PlyCount "69"]
[EventDate "2001.12.26"]
[EventType "swiss"]
[EventRounds "7"]
[EventCountry "FRA"]
[SourceTitle "EXT 2003"]
[Source "ChessBase"]
[SourceDate "2002.11.25"]
[SourceVersion "1"]
[SourceVersionDate "2002.11.25"]
[SourceQuality "1"]

1. e4 Nf6 2. e5 Ng4 3. Qxg4 g6 4. d4 d6 5. Qf4 Bf5 6. exd6 Qxd6 7. Qxd6 cxd6 8. Bb5+ Bd7 9. Bxd7+ Nxd7 10. Nf3 e5 11. dxe5 dxe5 12. Nc3 Bg7 13. Be3 0-0 14. Rd1 Rfd8 15. 0-0 e4 16. Ng5 Nc5 17. Bxc5 Rxd1 18. Rxd1 b6 19. Bd4 Bh6 20. Ngxe4 Rd8 21. Nf6+ Kf8 22. Bc5+ Kg7 23. Rxd8 Kxf6 24. Bd4+ Ke7 25. Ra8 Kd7 26. Rxa7+ Kc6 27. Ra6 Bc1 28. Rxb6+ Kc7 29. a4 Bxb2 30. Rxb2 Kc6 31. Rb6+ Kc7 32. Nb5+ Kd7 33. Rd6+ Ke7 34. Bf6+ Kf8 35. Rd8# 1-0

[Event "Montigny le Bretonneux Noel op 04th"]
[Site "Montigny le Bretonneux"]
[Date "2001.12.26"]
[Round "1.11"]
[White "Hedjazian, Navid"]
[Black "Voirin, Xavier"]
[Result "0-1"]
[WhiteElo "1470"]
[BlackElo "1820"]
[PlyCount "120"]
[EventDate "2001.12.26"]
[EventType "swiss"]
[EventRounds "7"]
[EventCountry "FRA"]
[SourceTitle "EXT 2003"]
[Source "ChessBase"]
[SourceDate "2002.11.25"]
[SourceVersion "1"]
[SourceVersionDate "2002.11.25"]
[SourceQuality "1"]

1. Nf3 c5 2. g3 Nf6 3. Bg2 Nc6 4. 0-0 g6 5. d3 Bg7 6. Nbd2 0-0 7. e4 d6 8. Nc4 Be6 9. Ne3 h6 10. c3 Rc8 11. d4 cxd4 12. cxd4 d5 13. e5 Nd7 14. Bd2 f6 15. exf6 Nxf6 16. Bc3 Ne4 17. Qd3 Nxc3 18. bxc3 Bf7 19. Nh4 e5 20. Nc2 e4 21. Qd2 Qd7 22. Bh1 Na5 23. Ne3 g5 24. Nhf5 Bg6 25. Nxg7 Kxg7 26. Bg2 Nc4 27. Nxc4 Rxc4 28. Rfe1 Rfc8 29. Rac1 Qc6 30. Re3 b5 31. a3 a5 32. Bf1 Ra4 33. Qb2 b4 34. axb4 axb4 35. Qb3 Qa8 36. Bb5 Ra1 37. Qb2 Rxc1+ 38. Qxc1 bxc3 39. Rxc3 Rxc3 40. Qxc3 Qd8 41. Qc6 Bf7 42. Qd7 Qb6 43. Be2 Qxd4 44. Bh5 Qf6 45. Kf1 Qe6 46. Qb7 Qh3+ 47. Kg1 Qxh5 48. Qe7 Qg6 49. Kg2 Qf6 50. Qb7 Qe5 51. Kf1 d4 52. Ke2 Qd5 53. Qxd5 Bxd5 54. g4 Kf6 55. h3 Ke5 56. Kd2 Kf4 57. Ke2 Bc4+ 58. Kd2 e3+ 59. fxe3+ dxe3+ 60. Ke1 Kf3 0-1